Literatura española, argentina e hispanoamericana /

Guardado en:
Autor Principal: Alonso, Eugenio
Formato: Libro
Publicado: Buenos Aires : Santillana, 1995
Series:Secundaria
Materias:
Etiquetas: Agregar Etiqueta
Sin Etiquetas, Sea el primero en etiquetar este registro!
LEADER 00654nam a22002175a 4500
001 CEM.cems008996
005 20090918115611.0
008 130507s1995##################000#0#####d
003 CEMS
020 |a 9504602150 
082 0 4 |a 860.9 
100 1 |a Alonso, Eugenio 
245 1 0 |a Literatura española, argentina e hispanoamericana /  |c Eugenio Alonso ... [et Al.] 
260 |a Buenos Aires :  |b Santillana,  |c 1995 
300 |a 324 p. 
490 0 |a Secundaria 
653 |a Literatura 
653 |a Literatura española 
653 |a Literatura argentina 
653 |a Literatura hisponoamericana 
859 |a CEMS  |b BIB. CEMS - 11 de abril  |h 860.9  |i Al72-1  |p 18631.95  |t Ej.1